Statistics for The Sopranos Trivia

Click here to take the quiz!

General Stats

  • This quiz has been taken 749 times
  • The average score is 13 of 36

Answer Stats

HintAnswer% Correct
In order for the FBI to bug Tony's house, they install a wiretap in what household item?A Lamp
82%
In Italy, this character interacts with the shows creator at a coffee shop.Paulie Gualtieri
76%
What crime family is Tony the head of?DiMeo Crime Family
75%
Where does Bobby Baccalieri keep his model train set?The Garage
69%
Which character literally comes out of the closet before whacking someone who figuratively came out of the closet?Phil Leotardo
64%
Which of Meadow's boyfriends threatened to knock out Tony's lights?Noah Tannenbaum
62%
Who does Phil Leotardo say was like a brother-in-law to him?Vito Spatafore
62%
Paulie keeps a painting of Tony and who?Pie-O-My
61%
Who is Carmela's friend that dies in a car accident?Karen Baccalieri
52%
What does Tony's mother, Livia, refuse to do after it's dark outside?Answer the telephone
50%
After arriving to work early, what character catches a member of the DiMeo crime family pitching, not catching?Finn De Trolio
50%
In the pilot episode of The Sopranos, Tony and Christopher chase down a man in what make of vehicle?Lexus
49%
Feech La Manna stores what stolen products in his garage that inevitably gets him sent back to jail?Flat Screen TV's
42%
Who claims to have given their life to their kids on a silver platter?Livia Soprano
42%
Sil claims to stick what in his socks so they smell like Matthew Bevilacqua's sister's crotch?Provolone Cheese
42%
Who does AJ strike up a relationship with after meeting her on a job site?Blanca Selgado
39%
After taking some drugs in Las Vegas, Tony yells what into the distance?I GET IT!
35%
Ralph Cifaretto is made Capo after who dies?Gigi Cestone
32%
In the episode "Pine Barrens"? Paulie finds what snack and selfishly eats them?Tic-Tacs
31%
Ralph Cifaretto wasn't able to rob Feech La Manna's card game because of what?The Clap
30%
Who is Salvatore Bonpensiero's handler?Skip Lipari
28%
What was Tony Blundetto's nickname as kids to be differentiated from other Tony's in the family?Tony Uncle Al
27%
What famous singer is referenced multiple times throughout the series and also portrays a character in seasons 5 and 6A?Frankie Valli
25%
Who made Ralph Cifaretto a Pop-Tart and promised to take care of him?Tracee
24%
Whose fingernail does Carmela find in Tony's laundry?Valentina La Paz
24%
Carmela tries to make civilized conversation with AJ by talking about what band at the dinner table?The Beatles
23%
Jennifer Melfi has a dream in which Tony is represented as a what?Rottweiler
16%
In the episode "Boca", Tony asks if Junior and Mikey Palmice had just gotten back from where?A Sushi Bar
15%
Who threatens a murder that "won't be cinematic"?Patsi Parisi
14%
What is the name of Meadow's roommate while she's living in the dorms at Columbia?Caitlin Rucker
12%
What is the name of Hesh's longtime girlfriend?Renata
10%
Christopher calls who a D-Girl?Amy Safir
9%
Jean-Philippe Colbert cons Artie Bucco into investing in his business selling what?Armagnac
7%
Jackie is gifted what kind of gun from Ralph Cifaretto?.38 Special
6%
What is the name of the store that Davey Scatino owns?Ramsey Sports and Outdoors
6%
Brendan Filone accidentally killed a driver from what company?Comley Trucking
4%

Score Distribution

Percentile by Number Answered

Percent of People with Each Score

Your Score History

You have not taken this quiz